MARC details
| 000 -LEADER |
| fixed length control field |
03578nas a2200409 a 4500 |
| 003 - CONTROL NUMBER IDENTIFIER |
| control field |
AM-YEHGA |
| 005 - DATE AND TIME OF LATEST TRANSACTION |
| control field |
20251020141410.0 |
| 008 - FIXED-LENGTH DATA ELEMENTS--GENERAL INFORMATION |
| fixed length control field |
251020b19371940ai |||pd||||||| ||arm|d |
| 040 ## - CATALOGING SOURCE |
| Original cataloging agency |
AM-YEHGA |
| 041 0# - LANGUAGE CODE |
| Language code of text/sound track or separate title |
arm |
| 245 00 - TITLE STATEMENT |
| Title |
Ժողովածու Հայկական ԽՍՀ-ի Լուսժողկոմատի հրամանների յեվ կարգադրությունների / |
| Statement of responsibility, etc. |
Պատասխանատու Խմբ.՝ Ա. Ասատրյան, Ա. Մալխասյան. |
| 246 3# - VARYING FORM OF TITLE |
| Title proper/short title |
ՀԽՍՀ Լուսժողկոմատի հրամանների և կարգադրությունների ժողովածու |
| 246 3# - VARYING FORM OF TITLE |
| Title proper/short title |
Ժողովածու ՀՍՍՌ Լուսավորության ժողովրդական կոմիսարիատի հրամանների և կարգադրությունների |
| 246 3# - VARYING FORM OF TITLE |
| Title proper/short title |
ՀՍՍՌ Լուսավորության ժողովրդական կոմիսարիատի հրամանների և կարգադրությունների ժողովածու |
| 260 ## - PUBLICATION, DISTRIBUTION, ETC. |
| Place of publication, distribution, etc. |
Յերեւան : |
| Name of publisher, distributor, etc. |
Հայպետհրատի տպ., |
| Date of publication, distribution, etc. |
1937, 1940. |
| 300 ## - PHYSICAL DESCRIPTION |
| Extent |
26 էջ ; |
| Dimensions |
24 x 17 սմ. |
| 500 ## - GENERAL NOTE |
| General note |
Տպագրվել է նաև Լուսհրատի տպարանում |
| 546 ## - LANGUAGE NOTE |
| Language note |
Բնագիրը՝ հայերեն |
| 580 ## - LINKING ENTRY COMPLEXITY NOTE |
| Linking entry complexity note |
Շարունակել է «Բյուլլետեն ՀՍԽՀ Լուսավորության ժողովրդական կոմիսարիատի»-ին (1935 - № 1-6/7 1936), «Բյուլլետեն: ՀԽՍՀ |
| 580 ## - LINKING ENTRY COMPLEXITY NOTE |
| Linking entry complexity note |
Լուսավորության ժողովրդական կոմիսարիատի հրահանգներն ու որոշումները»ին (№ 8-9/10 1936, № 1,5 1938), «Բյուլլետեն: ՀԽՍՀ |
| 580 ## - LINKING ENTRY COMPLEXITY NOTE |
| Linking entry complexity note |
Լուսավորության ժողովրդական կոմիսարիատի հրամանները, հրահանգներն ու որոշումները»-ին (№ 1-2 1939), «Բյուլլետեն ՀԽՍՀ |
| 580 ## - LINKING ENTRY COMPLEXITY NOTE |
| Linking entry complexity note |
Լուսավորության ժողովրդական կոմիսարիատի հրամանների, հրահանգների և կարգադրությունների»-ին (№ 3 1939, № 1-7/8 1940): |
| 650 04 - SUBJECT ADDED ENTRY--TOPICAL TERM |
| Topical term or geographic name entry element |
Տեղեկագիր |
| 650 14 - SUBJECT ADDED ENTRY--TOPICAL TERM |
| Topical term or geographic name entry element |
Օրենքներ, որոշումներ |
| Form subdivision |
Պարբերականներ |
| Chronological subdivision |
XXդ. |
| 651 #4 - SUBJECT ADDED ENTRY--GEOGRAPHIC NAME |
| Geographic name |
Երևան |
| 9 (RLIN) |
6142 |
| 651 #4 - SUBJECT ADDED ENTRY--GEOGRAPHIC NAME |
| Geographic name |
Հայաստան |
| 700 1# - ADDED ENTRY--PERSONAL NAME |
| Personal name |
Ասատրյան, Ա. |
| Relator term |
պատասխանատու խմբ. |
| 700 1# - ADDED ENTRY--PERSONAL NAME |
| Personal name |
Մալխասյան, Ա. |
| Relator term |
պատասխանատու խմբ. |
| 710 2# - ADDED ENTRY--CORPORATE NAME |
| Corporate name or jurisdiction name as entry element |
ՀԽՍՀ Լուսժողկոմատ |
| 780 00 - PRECEDING ENTRY |
| Title |
Բյուլլետեն ՀՍԽՀ Լուսավորության ժողովրդական կոմիսարիատի |
| Related parts |
1935-1936 |
| 780 00 - PRECEDING ENTRY |
| Title |
Բյուլլետեն ՀԽՍՀ Լուսավորության ժողովրդական կոմիսարիատի հրահանգներն ու վորոշումները |
| Related parts |
1936, 1938 |
| 780 00 - PRECEDING ENTRY |
| Title |
Բյուլլետեն ՀԽՍՀ Լուսավորության ժողովրդական կոմիսարիատի հրամանները, հրահանգներն ու վորոշումները |
| Related parts |
1939 |
| 780 00 - PRECEDING ENTRY |
| Title |
Բյուլլետեն ՀԽՍՀ Լուսավորության ժողովրդական կոմիսարիատի հրամանների, հրահանգների յեվ կարգադրություններ |
| Related parts |
1939-1940 |
| 856 41 - ELECTRONIC LOCATION AND ACCESS |
| Uniform Resource Identifier |
<a href="https://tert.nla.am/mamul/HSSRLusjorkom3/Table.html">https://tert.nla.am/mamul/HSSRLusjorkom3/Table.html</a> |
| Link text |
Կարդալ առցանց |
| 856 41 - ELECTRONIC LOCATION AND ACCESS |
| Uniform Resource Identifier |
<a href="https://tert.nla.am/mamul/HXSHLusjorkom2/Table.html">https://tert.nla.am/mamul/HXSHLusjorkom2/Table.html</a> |
| Link text |
Կարդալ առցանց, Բյուլլետեն ՀԽՍՀ Լուսավորության ժողովրդական կոմիսարիատի հրամանների, հրահանգների յեվ կարգադրությունների |
| 942 ## - ADDED ENTRY ELEMENTS (KOHA) |
| Source of classification or shelving scheme |
Universal Decimal Classification |
| Koha item type |
Շարունակական պաշար / Continuing Resource |
| Suppress in OPAC |
No |